000 00680nam a2200229Ia 4500
003 OSt
005 20220923220907.0
006 a|||||r|||| 00| 0
007 ta
008 220922b |||||||| |||| 00| 0 hin d
024 _a191,958
037 _cTextual
040 _aARTS
_cARTS
_bhin
041 _2hin
_ahin
082 _aS0aT, 152K2
100 _aजायसवाल, सीताराम
245 0 _aशिक्षा मनोविज्ञान दीपिका
246 _aShikṣhā hinovijnyān dīpikā
260 _c1962
942 _hS0aT, 152K2
_cTEXL
_2CC
999 _c344611
_d344611